000
00322cam a2200133ua 4500
003
OSt
008
220305b ||||| |||| 00| 0 eng d
041
_a
mal
082
_a
894.8121
_b
BHA/SA
245
_a
Sahitya darparnam, Part 1 /
260
_a
Kottayam :
_b
National Book Stall ,
_c
1963.
300
_a
292 ; .
942
_c
BK
999
_c
4845
_d
4845